000 00460nam a2200169 a 4500
001 0000-9289
003 ELIB.Books
008 110520 1982
035 _a(ELIB.Books)0000-9441
082 _a268.422
_bRid
100 _aRidenour, Fritz
245 _aWhat Teenagers wish their Parents Knew about Kids
260 _bTexas; Word Books Publisher
_c1982
650 _aChristian Education
942 _2ddc
_cBK
998 _cbat
_e2011-05-20
999 _c9289
_d9289